MEASURING AND ACCOUNTING FOR ENVIRONMENT (Record no. 8330)

MARC details
000 -LEADER
fixed length control field 00365nam a2200133Ia 4500
008 - FIXED-LENGTH DATA ELEMENTS--GENERAL INFORMATION
fixed length control field 260604s9999 xx 000 0 und d
020 ## - INTERNATIONAL STANDARD BOOK NUMBER
International Standard Book Number 9780226839356
082 ## - DEWEY DECIMAL CLASSIFICATION NUMBER
Classification number 657 MUL
100 ## - MAIN ENTRY--PERSONAL NAME
Personal name MULLER [NICHOLAS Z.]
9 (RLIN) 35509
245 #0 - TITLE STATEMENT
Title MEASURING AND ACCOUNTING FOR ENVIRONMENT
260 ## - PUBLICATION, DISTRIBUTION, ETC.
Name of publisher, distributor, etc. UNIVERSITY OF CHICAGO PRESS
500 ## - GENERAL NOTE
General note Accounting, Envronmental
942 ## - ADDED ENTRY ELEMENTS (KOHA)
Koha item type Book
Holdings
Date last seen Total Checkouts Full call number Barcode Cost, replacement price Price effective from Koha item type Lost status Damaged status Not for loan Withdrawn status Home library Current library Shelving location Date acquired Cost, normal purchase price BOOK NO
06/04/2026   657 MUL 003948 12486.60 06/04/2026 Book         Indian Institute of Management Visakhapatnam Indian Institute of Management Visakhapatnam   06/04/2026 12486.60 MUL

Copyright © 2024 Indian Institute of Management Visakhapatnam
Koha v23.05